| 000 | 01575cam a2200337 i 4500 | ||
|---|---|---|---|
| 003 | SA-RiAUC | ||
| 005 | 20250616065607.0 | ||
| 008 | 250616s1992 ua g b 000 0 ara c | ||
| 040 |
_aSA-JeALM _bara _cSA-RiAUC _erda |
||
| 043 |
_aa-su--- _af-ua--- _aa-ku--- |
||
| 050 | 4 | _b.A36 1992 | |
| 082 | 0 | 4 |
_a257.5 _qSA-RiAUC |
| 090 |
_a257.5 _b ا ح م |
||
| 100 | 1 |
_aأحمد، فؤاد عبد المنعم، _d1941- _eمؤلف. |
|
| 245 | 1 | 2 |
_aالوسيط في التنظيم القضائي في الفقه الإسلامي مع التطبيق الجاري في المملكة السعودية ومصر والكويت / _cفؤاد عبد المنعم أحمد، الحسين علي غنيم. |
| 264 | 1 |
_aالإسكندرية، مصر : _bمؤسسة شباب الجامعة، _c1992 |
|
| 300 |
_aأ-هـ، 338 صفحة ؛ _c24 سم |
||
| 336 |
_aنص _btxt _2rdacontent _3كتاب |
||
| 337 |
_aبدون وسيط _bn _2rdamedia |
||
| 338 |
_aمجلد _bnc _2rdacarrier |
||
| 500 | _aإهداء من المؤلف فؤاد عبدالمنعم أحمد. | ||
| 504 | _aببليوجرافية : صفحة 318-331. | ||
| 504 | _aيشتمل على إرجاعات ببليوجرافية. | ||
| 650 | 7 |
_aالقضاء في الإسلام _2aucsh |
|
| 650 | 7 |
_aالتنظيم القضائي _zالسعودية _2aucsh |
|
| 650 | 7 |
_aالتنظيم القضائي _zمصر _2aucsh |
|
| 650 | 7 |
_aالتنظيم القضائي _zالكويت _2aucsh |
|
| 700 | 1 |
_aغنيم، الحسين علي _eمؤلف. |
|
| 942 |
_2ddc _cBOOK _n0 |
||
| 949 |
_aSA-JeALM _d250616 _umohamedma123 _n1 |
||
| 999 |
_c9015 _d9015 |
||